000 00232nam a22000977a 4500
999 _c16250
_d16250
003 OSt
008 200626b ||||| |||| 00| 0 eng d
100 _aതിരുനല്ലൂർ
_94648
245 _aരാത്രി
942 _cBK